Biggest Cities of France That Aren't on the Mainland - Statistics

General Stats
  • This quiz has been taken 7 times
  • The average score is 10 of 109
Answer Stats
Population City % Correct
156,149 Saint-Denis
100%
75,165 Fort-de-France
83%
63,956 Cayenne
67%
94,285 Nouméa
67%
106,220 Saint-Paul
67%
5,223 | 85,254 Saint-Pierre
67%
9,419 Basse-Terre
50%
6,131 Mamoudzou
50%
26,654 Papeete
50%
24,470 Kourou
33%
33,670 Le Port
33%
51,760 Les Abymes
33%
81,964 Le Tampon
33%
14,855 Pointe-à-Pitre
33%
29,826 Faaa
17%
39,346 Le Lamentin
17%
21,490 Le Robert
17%
37,585 Saint-Benoît
17%
24,415 Sainte-Anne
17%
14,827 | 35,584 Sainte-Marie
17%
13,249 Saint-François
17%
51,732 Saint-Laurent-du-Maroni
17%
54,478 Saint-Louis
17%
6,829 Afaahiti
0%
10,059 Apatou
0%
10,322 Arue
0%
30,943 Baie-Mahault
0%
6,381 Bouillante
0%
5,531 Bourail
0%
13,131 Bras-Panon
0%
17,882 Capesterre-Belle-Eau
0%
9,740 Cavani
0%
6,750 Chiconi
0%
5,215 Cilaos
0%
6,665 Combani
0%
17,837 Ducos
0%
35,873 Dumbéa
0%
6,075 Dzoumogné
0%
7,115 Entre-Deux
0%
7,378 Gourbeyre
0%
7,640 Goyave
0%
9,390 Grand-Santi
0%
9,752 Gros Morne
0%
17,060 Kawéni
0%
8,144 Koné
0%
9,350 Koungou
0%
17,739 Labattoir
0%
18,437 Lamentin
0%
6,920 La Plaine-des-Palmistes
0%
36,390 La Possession
0%
11,622 La Trinité
0%
5,924 Le Diamant
0%
15,858 Le François
0%
27,205 Le Gosier
0%
6,607 Le Lorrain
0%
8,526 Le Marin
0%
27,620 Le Mont-Dore
0%
22,924 Le Moule
0%
11,445 Les Avirons
0%
7,113 Les Trois-Bassins
0%
6,735 Les Trois-Îlets
0%
14,329 L'Étang-Salé
0%
8,481 Le Vauclin
0%
18,807 Macouria
0%
11,698 Majicavo-Koropa
0%
11,364 Mana
0%
8,423 Maripasoula
0%
35,531 Matoury
0%
15,839 Morne-à-l'Eau
0%
15,880 Mtsapéré
0%
5,541 Nunue
0%
12,756 Paea
0%
24,563 Païta
0%
11,442 Pamandzi
0%
5,530 Papaïchton
0%
11,743 Papara
0%
5,446 Papeari
0%
8,430 Passamainty
0%
24,299 Petit-Bourg
0%
8,206 Petit-Canal
0%
12,920 Petite-Île
0%
14,068 Pirae
0%
5,006 Poindimié
0%
5,813 Pointe-Noire
0%
5,591 Port-Louis
0%
28,781 Punaauia
0%
27,037 Remire-Montjoly
0%
11,797 Rivière-Pilote
0%
11,818 Rivière-Salée
0%
9,568 Sada
0%
57,546 Saint-André
0%
10,432 Saint-Claude
0%
9,275 Sainte-Luce
0%
17,494 | 6,450 Sainte-Rose
0%
10,422 Saint-Esprit
0%
24,855 Sainte-Suzanne
0%
16,470 | 38,992 Saint-Joseph
0%
35,597 Saint-Leu
0%
5,093 Saint-Philippe
0%
7,333 Salazie
0%
19,342 Schœlcher
0%
7,519 Trois-Rivières
0%
5,570 Tsountsou 1
0%
6,067 Vahibé
0%
7,040 Vieux-Habitants
0%
No matching quizzes found
Score Distribution
Percent of People with Each Score
Percentile by Number Answered
Your Score History
You have not taken this quiz